000 00318nam a2200121Ia 4500
008 191201s2012 xx 000 0 und d
100 _aJAIN,Khushpat S
245 0 _aExport Import Procedures and Documentation
260 _aN. Delhi
_bHimalaya Publication House
_c2012
300 _a278
650 _aMBA
942 _2ddc
_cBK
999 _c201
_d201